| 000 | 00775nam a2200253 a 4500 | ||
|---|---|---|---|
| 001 | 000045354 | ||
| 003 | DO-SdBNP | ||
| 005 | 20240530073923.0 | ||
| 007 | ta | ||
| 008 | 150305s2014 dr 000 f spa d | ||
| 020 | _a9789945589412 | ||
| 040 |
_aDO-SdBNP _bspa _cBNPHU |
||
| 082 |
_aRD863.44 _bS489t _222 |
||
| 100 | 1 |
_aSerulle, Haffe, _d1947- _922959 |
|
| 245 | 1 | 3 |
_aEl tiempo de las olas / _cHaffe Serulle. |
| 260 |
_aSanto Domingo : _bSantuario, _bFundación Ciencia y Arte, _c2014. |
||
| 300 |
_a82 p. ; _c23 cm. |
||
| 500 | _aIncluye datos biográficos del autor en las solapas. | ||
| 590 | _aInventariado, 2019/VM | ||
| 650 | 0 |
_aNovela dominicana _9223 |
|
| 650 | 0 |
_aLiteratura dominicana. _967 |
|
| 910 | _aValidado. Control de calidad MFF | ||
| 942 |
_2ddc _cLBS1 |
||
| 999 |
_c44843 _d44843 |
||